| 000 | 00734cam a22002293a 4500 | ||
|---|---|---|---|
| 001 | 13666045 | ||
| 005 | 20180302081435.0 | ||
| 008 | 040126s2004 mauad b 001 0 eng d | ||
| 010 | _a 2004541190 | ||
| 020 | _a1882982673 | ||
| 035 | _a(OCoLC)ocm54088265 | ||
| 040 |
_aCVM _cCVM _dOCLCQ _dDAY _dDLC |
||
| 041 | _aeng | ||
| 080 | _a37 MAR | ||
| 100 | 1 | _a25 | |
| 101 | _aEDU | ||
| 245 | 1 | 0 |
_aAssessing academic programs in higher education / _cMary J. Allen. |
| 504 | _aIncludes bibliographical references and index. | ||
| 906 |
_a7 _bcbc _ccopycat _d2 _encip _f20 _gy-gencatlg |
||
| 942 |
_2ddc _cBK |
||
| 999 |
_c44065 _d44065 |
||